000 00755nam a22002052 4500
001 0000013287
005 20151217155856.0
008 090728s xx 000 0 eng d
040 _aKABU
_cKABU
110 2 _aCOMESA.
_bRegional Integration Research Network.
_@0000170458
245 1 0 _aReport of the research dissemination workshop of the Regional Integration Research Network Project 3rd to 4th December 2001 /
_cCOMESA.
250 _a1st ed.
260 _aLusaka :
_bCOMESA,
_c2001.
300 _a63 p.
610 2 0 _aAfrican, Eastern
_xEconomic integration.
_@0000170468
610 2 0 _aAfrica, Southern
_xEconomic integration.
_@0000170464
852 1 _9p200 KES
908 _a090728
950 _@1
999 _c13616
_d13616